| 000 | 00547nam a22001937a 4500 | ||
|---|---|---|---|
| 005 | 20140310183650.0 | ||
| 008 | 140114b xxu||||| |||| 00| 0 eng d | ||
| 020 | _a0205460895 | ||
| 050 |
_aQA 11.2 _b.G87 2007 |
||
| 100 | _aGurganus, Susan Perry | ||
| 245 |
_aMath instruction for students with learning problems / _cSusan Perry Gurganus |
||
| 250 | _a1st ed. | ||
| 260 |
_aBoston : _bPearson/Allyn and Bacon, _c2007. |
||
| 300 |
_a384 p. : _bill. ; _c24 cm. |
||
| 521 | _aEDU | ||
| 942 |
_2lcc _cBK _kFOR |
||
| 999 |
_c26057 _d26057 |
||